000 01075nam a2200277 i 4500
001 bg
100 1 _aSTAWICKA-WAŁKOWSKA, Maria
245 1 0 _aKształtowanie wnętrz urbanistycznych jako forma zabezpieczenia przed hałasem zewnętrznym =
_bForming of hoing estates as the way of prevention against out door noise.
250 _aMaria Stawicka-Wałkowska, Barbara Rudno-Rudzińska.
260 _aWarszawa :
_bITB,
_c2000.
300 _a115 s. :
_brys., wykr. ;
_c24 cm.
490 1 _aPrace Naukowe Instytutu Techniki Budowlanej. Monografie =
_aScientific Paper of the Building Research Institute
500 _aStreszcz. pol., ang.
504 _aBibliogr. s. 114-115.
650 9 _aUrbanistyka
_xzagadnienia
650 9 _aHałas
_xzapobieganie i zwalczanie
_xmetody
700 1 _aRUDNO-RUDZIŃSKA, Barbara
830 0 _aPrace Naukowe Instytutu Techniki Budowlanej.
_pMonografie
020 _a8372269076
040 _cBPK
041 0 _apl
_ben
080 _a711.4/.8:534.8
920 _a83-7226-907-6
942 _cKS
008 s pl f |000 0 pol
999 _c37281
_d37281
856 _uhttp://koha.tu.koszalin.pl/cgi-bin/koha/opac-detail.pl?biblionumber=37281
_yKatalog online BPK